000 00645nam a2200229Ia 4500
003 OSt
005 20221006145352.0
006 a|||||r|||| 00| 0
007 ta
008 221006b |||||||| |||| 00| 0 eng d
024 _a14,605
037 _cTextual
040 _aEASL
_cEASL
_beng
041 _2eng
_aeng
082 _aO41,3a, L6
100 _aKUBLER Cornelius C.
_9654234
245 0 _aVocablary and notes to ba Jin's Jia
_b An aid for reading the novel
260 _aIthaca
_bCornell University
_c1976
300 _a285p.
_ccm.
942 _hO41,3a, L6
_cTEXL
_2CC
999 _c1082691
_d1082691